Kpop Group quiz - Statistics

General Stats
  • This quiz has been taken 142 times
    96 since last reset
  • The average score is 79 of 232
Answer Stats
Answer % Correct
BLACKPINK
98%
BTS
96%
aespa
92%
BABYMONSTER
91%
ILLIT
89%
TXT
89%
ENHYPEN
87%
STRAY KIDS
87%
TWICE
87%
2ne1
83%
BIGBANG
83%
IVE
83%
NCT
83%
SEVENTEEN
83%
ATEEZ
81%
(G)I-DLE
81%
Girls' Generation
81%
ITZY
81%
LE SSERAFIM
81%
NewJeans
81%
Red Velvet
79%
ZEROBASEONE
79%
BOYNEXTDOOR
77%
TREASURE
75%
2pm
74%
Cortis
74%
KISS OF LIFE
74%
NMIXX
74%
EXO
72%
FIFTY FIFTY
70%
IZ*ONE
70%
KATSEYE
70%
MAMAMOO
70%
Hearts2Hearts
68%
KiiiKiii
66%
ALL DAY PROJECT
64%
LOONA
64%
MONSTA X
64%
RIIZE
64%
SHINee
64%
TWS
64%
Wonder Girls
64%
Apink
62%
EVERGLOW
62%
Kep1er
62%
2am
60%
fromis_9
60%
f(x)
60%
MEOVV
60%
STAYC
60%
SUPER JUNIOR
60%
GFRIEND
58%
iKON
58%
izna
58%
Got7
57%
I.O.I
57%
MOMOLAND
57%
Wanna One
57%
A.C.E
55%
ASTRO
53%
KARD
53%
OH MY GIRL
53%
P1Harmony
53%
tripleS
53%
&TEAM
51%
AOA
49%
BTOB
49%
KARA
49%
PURPLE KISS
49%
THE BOYZ
49%
xikers
49%
Cherry Bullet
47%
T-ARA
47%
VIVIZ
47%
WINNER
47%
XG
47%
SUPER M
45%
UNIS
45%
AFTERSCHOOL
43%
Block B
43%
DAY6
43%
ONEUS
43%
PENTAGON
43%
CLC
42%
4minute
40%
PLAVE
40%
SISTAR
40%
Xdinary Heroes
40%
Cravity
38%
miss A
38%
Billlie
36%
Dream catcher
36%
EXID
36%
KickFlip
36%
WJSN
36%
BABY DONT cry
32%
NiziU
32%
Weeekly
32%
BLACKSWAN
30%
INFINITE
30%
Orange Caramel
30%
SF9
30%
TVXQ!
30%
VIXX
30%
Brown eyed girls
28%
Cix
28%
MAVE:
28%
PRISTIN
28%
WayV
28%
APRIL
26%
BADVILLAIN
26%
Girl's Day
26%
GOT the beat
26%
JUST B
26%
NU'EST
26%
Rocket Punch
26%
YOUNG POSSE
26%
8TURN
25%
DIA
25%
Golden Child
25%
NEXZ
25%
SAY MY NAME
25%
1verse
23%
AB6ix
23%
B.A.P
23%
CLASS:y
23%
Lovelyz
23%
QWER
23%
RESCENE
23%
THE ROSE
23%
TRI.BE
23%
X1
23%
ARTMS
21%
EPEX
21%
LABOUM
21%
LIGHTSUM
21%
Loossemble
21%
VICTON
21%
Weki Meki
21%
AMPERS&ONE
19%
Brave Girls
19%
Crayon Pop
19%
EVNNE
19%
H1-KEY
19%
KingDom
19%
OMEGA X
19%
CNBLUE
17%
MADEIN
17%
VERIVERY
17%
9muses
15%
B1A4
15%
Big Ocean
15%
HIGHLIGHT
15%
MAMADOL
15%
NATURE
15%
ONEWE
15%
PIXY
15%
TEMPEST
15%
Trouble Maker
15%
WOOAH
15%
ALL(H)OURS
13%
BBGIRLS
13%
cignature
13%
DKB
13%
FIESTAR
13%
ME:I
13%
MIRAE
13%
OnlyOneOf
13%
TEEN TOP
13%
TNX
13%
UP10TION
13%
WEi
13%
YOUNITE
13%
ALICE
11%
CSR
11%
DRIPPIN
11%
gugudan
11%
KNK
11%
MISAMO
11%
N.Flying
11%
1THE9
9%
82MAJOR
9%
ARrc
9%
BAE173
9%
CRAXY
9%
FANTASY BOYS
9%
GHOST9
9%
ICHILLIN'
9%
IDID
9%
ifeye
9%
Lapillus
9%
MCND
9%
ONF
9%
UKISS
9%
X:IN
9%
AtHeart
8%
Blitzers
8%
BVNDIT
8%
E'LAST
8%
LIMELIGHT
8%
MIMIIROSE
8%
M.O.N.T
8%
TRENDZ
8%
VVUP
8%
WHIB
8%
ATBO
6%
Ciipher
6%
DKZ
6%
Dreamnote
6%
Golden Girls
6%
HOTSHOT
6%
LUN8
6%
NINE.I
6%
TIOT
6%
VANNER
6%
VAV
6%
ADYA
4%
EL7Z UP
4%
HORI7ON
4%
ILY:1
4%
LUMINOUS
4%
ODD YOUTH
4%
ONE PACT
4%
PRIMROSE
4%
RE:WIND
4%
CATCH THE YOUNG
2%
DXMON
2%
Ferry Blue
2%
idntt
2%
NOWADAYS
2%
n.SSign
2%
XODIAC
2%
No matching quizzes found
Score Distribution
Percent of People with Each Score
Percentile by Number Answered
Your Score History
You have not taken this quiz since the last reset